Bordering Countries with the biggest difference in GDP - Statistics

General Stats
  • This quiz has been taken 154 times
    137 since last reset
  • The average score is 13 of 17
Answer Stats
Countries % Correct
China
97%
Russia
97%
North Korea
94%
South Korea
93%
Oman
84%
Saudi Arabia
84%
Yemen
84%
Iran
76%
South Africa
76%
Afghanistan
74%
Israel
72%
Niger
72%
Mozambique
71%
Syria
71%
Algeria
68%
Cameroon
28%
Equatorial Guinea
28%
No matching quizzes found
Score Distribution
Percent of People with Each Score
Percentile by Number Answered
Your Score History
You have not taken this quiz since the last reset